KOHA-Header-6

Exploring Corporate Strategy text and cases (Record no. 6856)

000 -LEADER
fixed length control field 00275nam a2200109Ia 4500
100 ## - MAIN ENTRY--AUTHOR NAME
Personal name Gerry Johnson
245 #0 - TITLE STATEMENT
Title Exploring Corporate Strategy text and cases
260 ## - PUBLICATION, DISTRIBUTION, ETC. (IMPRINT)
Place of publication New Delhi
Name of publisher CRC
Year of publication 1999
300 ## - PHYSICAL DESCRIPTION
Number of Pages 873
942 ## - ADDED ENTRY ELEMENTS (KOHA)
Koha item type Books
Holdings
Withdrawn status Lost status Collection code Permanent Location Current Location Shelving location Date acquired Full call number Accession Number Koha item type
    Banking MAJU MAJU Shelf No.A45 2019-09-11 657.0944 343 Banking

Powered by Koha